LDR 01627naa#a2200193#i#450# 001 RU\\bibl\123258 005 20260604223108.4 011 ## _a2782-5957 100 ## _a20260529b2026####ek#y0rusy0150####ca 102 ## _aRU 200 1# _aМЕТОДИЧЕСКИЕ ОСНОВЫ ПЛАНИРОВАНИЯ ПОТРЕБИТЕЛЬСКОГО КАЧЕСТВА ЖЕЛЕЗНОДОРОЖНОГО ТРАНСПОРТА НА ПРИМЕРЕ ГРУЗОВОГО СОСТАВА _eЖурнальная статья 210 1# _aБрянск _cБрянский государственный технический университет _d2026 215 ## _a8 с. 608 ## _aЖурнальная статья _2local 675 ## _aна качество (установление требований к качеству, надёжности и долговечности природных продуктов и промышленных изделий). 006.83 _aТеория машиностроения (машиноведение). Механика как теоретическая основа машиностроения. 621.01 _aТяга поездов на железных дорогах. Подвижной состав. Локомотивы. Вагоны. Служба подвижного состава. 629.4 _aХарактеристики машин, аппаратов и установок, процессов и т.д.. 620.1-1/-9 _z 686 ## _aЖелезнодорожный транспорт. 392 _2bbk 700 #1 _aПротасов _gВиктор Николаевич 700 #1 _aРоманов _gИгорь Олегович 856 4# _anaukaru.ru _u